[Event "Danmarksmesterskabet 2023"]
[Site "Svendborg"]
[Date "2023.04.05"]
[Round "5"]
[White "Thybo, Jesper Sondergaard"]
[Black "Haubro, Martin"]
[Result "1-0"]
[WhiteElo "2527"]
[BlackElo "2397"]
[PlyCount "61"]
[EventDate "2023.04.01"]
[EventType "tourn"]
[EventRounds "9"]
[EventCountry "DEN"]
[SourceTitle "Live v. Kasper Jerwiarz"]

1. d4 Nf6 2. c4 e6 3. Nf3 d5 4. g3 Bb4+ 5. Bd2 Be7 6. Bg2 O-O 7. O-O Nbd7 8. c5
Ne4 9. Nc3 c6 10. Nxe4 dxe4 11. Ne5 Nxe5 12. dxe5 Qc7 13. Bc3 Bxc5 14. Bxe4 Rd8
15. Qc2 g6 16. Kg2 b6 17. h4 Bf8 18. h5 Bg7 19. hxg6 hxg6 20. Rh1 Bb7 21. Bxg6
fxg6 22. Qxg6 c5+ 23. f3 Kf8 24. Rh4 Rd7 25. Rah1 Rf7 26. Qxe6 Qc6 27. Rh8+
Bxh8 28. Rxh8+ Kg7 29. Rh7+ Kxh7 30. Qxf7+ Kh8 31. e6# 1-0

[Event "Danmarksmesterskabet 2023"]
[Site "Svendborg"]
[Date "2023.04.05"]
[Round "5"]
[White "Rasmussen, Allan Stig"]
[Black "Bjerre, Jonas Buhl"]
[Result "0-1"]
[WhiteElo "2525"]
[BlackElo "2606"]
[PlyCount "60"]
[EventDate "2023.04.01"]
[EventType "tourn"]
[EventRounds "9"]
[EventCountry "DEN"]
[SourceTitle "Live v. Kasper Jerwiarz"]

1. c4 e5 2. Nc3 Bb4 3. g3 Bxc3 4. bxc3 d6 5. Bg2 Nc6 6. e4 f5 7. exf5 Bxf5 8.
d3 Nge7 9. Nf3 O-O 10. Ng5 h6 11. Ne4 Qd7 12. h3 Rf7 13. Qh5 Raf8 14. O-O b6
15. Bd2 Nd8 16. d4 exd4 17. cxd4 d5 18. cxd5 Nxd5 19. Nc3 Nxc3 20. Bxc3 Ne6 21.
f4 Nxd4 22. Rad1 c5 23. g4 Be6 24. Qe5 Rxf4 25. Rxf4 Rxf4 26. Re1 Rf6 27. h4
Bxg4 28. Bd5+ Be6 29. Bxd4 Rg6+ 30. Kh2 Bxd5 0-1

[Event "Danmarksmesterskabet 2023"]
[Site "Svendborg"]
[Date "2023.04.06"]
[Round "6"]
[White "Borge, Nikolaj"]
[Black "Thybo, Jesper Sondergaard"]
[Result "0-1"]
[WhiteElo "2387"]
[BlackElo "2527"]
[PlyCount "72"]
[EventDate "2023.04.01"]
[EventType "tourn"]
[EventRounds "9"]
[EventCountry "DEN"]
[SourceTitle "Live v. Kasper Jerwiarz"]

1. e4 c5 2. Nf3 Nc6 3. d4 cxd4 4. Nxd4 Nf6 5. Nc3 e5 6. Ndb5 d6 7. Nd5 Nxd5 8.
exd5 Nb8 9. a4 Be7 10. Be2 Nd7 11. O-O O-O 12. Kh1 f5 13. f4 a6 14. Na3 exf4
15. Bxf4 g5 16. Bd2 Ne5 17. Nc4 Nxc4 18. Bxc4 Bf6 19. Ra3 f4 20. Rb3 Bf5 21. h4
Be5 22. Bd3 g4 23. Be1 h5 24. Bxf5 Rxf5 25. Qd3 Qf6 26. Rxb7 Rf8 27. Kg1 g3 28.
Rf3 Qxh4 29. Qe4 Qh2+ 30. Kf1 h4 31. Rc3 h3 32. gxh3 Qxh3+ 33. Ke2 f3+ 34. Kd1
f2 35. Bxf2 Qh5+ 36. Kc1 gxf2 0-1

[Event "Danmarksmesterskabet 2023"]
[Site "Svendborg"]
[Date "2023.04.06"]
[Round "6"]
[White "Chatalbashev, Boris"]
[Black "Olsen, Filip Boe"]
[Result "1-0"]
[WhiteElo "2475"]
[BlackElo "2435"]
[PlyCount "97"]
[EventDate "2023.04.01"]
[EventType "tourn"]
[EventRounds "9"]
[EventCountry "DEN"]
[SourceTitle "Live v. Kasper Jerwiarz"]

1. Nf3 Nf6 2. g3 d5 3. Bg2 e6 4. O-O c5 5. d3 Nc6 6. Nbd2 Be7 7. e4 O-O 8. Re1
Qc7 9. e5 Nd7 10. Qe2 b5 11. Nf1 Bb7 12. Bf4 Rac8 13. h4 c4 14. d4 c3 15. b3
Qb6 16. Rad1 Qa6 17. Ng5 h6 18. Nh3 f5 19. exf6 Rxf6 20. Ne3 b4 21. Nxd5 exd5
22. Bxd5+ Kf8 23. Bc4 Qb6 24. d5 Nce5 25. Bxe5 Nxe5 26. Qxe5 Bd6 27. Qe3 Qc7
28. Qd3 Kg8 29. Nf4 Qf7 30. Re2 Rf8 31. Ne6 Rf3 32. Re3 Rxf2 33. Nxf8 Qxf8 34.
Rf1 Rxf1+ 35. Qxf1 Qc8 36. Re6 Bxg3 37. Qe2 Qc5+ 38. Kg2 Bd6 39. Re8+ Bf8 40.
Qf3 Qd6 41. Kf1 g6 42. Re6 Qh2 43. Rxg6+ Bg7 44. d6+ Kh8 45. Rxh6+ Bxh6 46.
Qf6+ Bg7 47. Qd8+ Kh7 48. Bd3+ Kh6 49. Qg5# 1-0

[Event "Danmarksmesterskabet 2023"]
[Site "Svendborg"]
[Date "2023.04.06"]
[Round "6"]
[White "Nielsen, Viktor Haarmark"]
[Black "Aagaard, Jacob"]
[Result "1/2-1/2"]
[WhiteElo "2335"]
[BlackElo "2449"]
[PlyCount "126"]
[EventDate "2023.04.01"]
[EventType "tourn"]
[EventRounds "9"]
[EventCountry "DEN"]
[SourceTitle "Live v. Kasper Jerwiarz"]

1. d4 Nf6 2. c4 g6 3. Nc3 Bg7 4. e4 d6 5. Be2 O-O 6. Nf3 e5 7. Be3 exd4 8. Nxd4
Re8 9. Qc2 Qe7 10. f3 c5 11. Nb3 Nc6 12. O-O Be6 13. Rfe1 Nh5 14. Qd2 f5 15.
exf5 gxf5 16. f4 Nf6 17. Bf3 Rad8 18. Nd5 Qf7 19. Rad1 Ne4 20. Bxe4 fxe4 21.
Rf1 Bxd5 22. cxd5 Nb4 23. Nc1 Qf5 24. b3 b5 25. a3 Nd3 26. Qa5 Nxc1 27. Rxc1
Qxd5 28. Qxb5 Rb8 29. Qc4 Qxc4 30. bxc4 Rb3 31. Kf2 Bd4 32. Rfe1 Rxa3 33. Rcd1
Bc3 34. Re2 Re6 35. f5 Rf6 36. g4 Be5 37. Bg5 Rf7 38. Rxe4 h5 39. Bf4 hxg4 40.
Bxe5 Rxf5+ 41. Bf4 Rf3+ 42. Kg2 R3xf4 43. Rxf4 Rxf4 44. Rxd6 Rxc4 45. Ra6 Kf7
46. Kg3 Ke7 47. Rxa7+ Ke6 48. Rg7 Kf5 49. Rf7+ Ke5 50. Re7+ Kd5 51. Rd7+ Kc6
52. Rg7 Kb5 53. Rb7+ Ka4 54. Rc7 Kb4 55. Rb7+ Kc3 56. Rc7 Kd3 57. Rc8 Ke3 58.
Rc7 Rc2 59. Kxg4 Rg2+ 60. Kh3 Rg5 61. Kh4 Kf4 62. h3 Rf5 63. Rxc5 Rxc5 1/2-1/2

[Event "Danmarksmesterskabet 2023"]
[Site "Svendborg"]
[Date "2023.04.06"]
[Round "6"]
[White "Haubro, Martin"]
[Black "Rasmussen, Allan Stig"]
[Result "0-1"]
[WhiteElo "2397"]
[BlackElo "2525"]
[PlyCount "92"]
[EventDate "2023.04.01"]
[EventType "tourn"]
[EventRounds "9"]
[EventCountry "DEN"]
[SourceTitle "Live v. Kasper Jerwiarz"]

1. e4 e5 2. Nf3 Nc6 3. Bb5 a6 4. Ba4 Nf6 5. d3 d6 6. c3 Be7 7. O-O O-O 8. Re1
Re8 9. h3 b5 10. Bc2 Bb7 11. Nbd2 Bf8 12. Nf1 g6 13. Ng3 Bg7 14. Bd2 d5 15. Qc1
d4 16. Bh6 Nd7 17. Nh2 Nc5 18. Ng4 Bh8 19. Qd2 Bc8 20. Rac1 Qd6 21. Bb1 Bd7 22.
b4 dxc3 23. Rxc3 Ne6 24. a3 Ncd4 25. Ba2 Re7 26. Be3 Bg7 27. Rec1 c6 28. Bh6
Bh8 29. Ne2 Nxe2+ 30. Qxe2 Nd4 31. Qd2 Ne6 32. Be3 Bg7 33. Bh6 Bxh6 34. Qxh6
Nd4 35. Kf1 Bxg4 36. hxg4 a5 37. bxa5 Rxa5 38. Bd5 Rc7 39. g3 Rxa3 40. Rxa3
Qxa3 41. Kg2 Qf8 42. Qh3 Qd6 43. Ba2 Ra7 44. Ra1 Qf6 45. g5 Qf3+ 46. Kg1 Ne6
0-1

[Event "Danmarksmesterskabet 2023"]
[Site "Svendborg"]
[Date "2023.04.06"]
[Round "6"]
[White "Schandorff, Lars"]
[Black "Bjerre, Jonas Buhl"]
[Result "1/2-1/2"]
[WhiteElo "2478"]
[BlackElo "2606"]
[PlyCount "89"]
[EventDate "2023.04.01"]
[EventType "tourn"]
[EventRounds "9"]
[EventCountry "DEN"]
[SourceTitle "Live v. Kasper Jerwiarz"]

1. d4 Nf6 2. Nf3 d5 3. c3 g6 4. Bf4 Bg7 5. h3 O-O 6. e3 c5 7. Nbd2 b6 8. Bd3
Bb7 9. O-O Nfd7 10. Qe2 Nc6 11. Rad1 Re8 12. Rfe1 a6 13. Qf1 e5 14. dxe5 Ncxe5
15. Bxe5 Nxe5 16. Nxe5 Rxe5 17. e4 c4 18. Bc2 b5 19. Nf3 Re7 20. exd5 Rd7 21.
Qe2 Rxd5 22. Rxd5 Qxd5 23. Be4 Qxe4 24. Qxe4 Bxe4 25. Rxe4 Rd8 26. Kf1 Kf8 27.
Ke2 Bh6 28. b3 cxb3 29. axb3 Bg7 30. c4 b4 31. Ne1 a5 32. c5 a4 33. Rxb4 Re8+
34. Kd3 Rxe1 35. Rxa4 Rc1 36. b4 Ke7 37. Ke4 Rd1 38. b5 f5+ 39. Ke3 Rc1 40.
Ra7+ Kf6 41. c6 Bf8 42. c7 Bd6 43. b6 Ke6 44. Ra8 Bxc7 45. bxc7 1/2-1/2

[Event "Danmarksmesterskabet 2023"]
[Site "Svendborg"]
[Date "2023.04.07"]
[Round "7"]
[White "Rasmussen, Allan Stig"]
[Black "Borge, Nikolaj"]
[Result "1-0"]
[WhiteElo "2525"]
[BlackElo "2387"]
[PlyCount "89"]
[EventDate "2023.04.01"]
[EventType "tourn"]
[EventRounds "9"]
[EventCountry "DEN"]
[SourceTitle "Live v. Kasper Jerwiarz"]

1. d4 d5 2. Nf3 Nf6 3. c4 dxc4 4. e3 e6 5. Bxc4 c5 6. O-O a6 7. Bb3 b5 8. a4 c4
9. Bc2 Bb7 10. axb5 axb5 11. Rxa8 Bxa8 12. Nc3 b4 13. Ba4+ Nfd7 14. Nb5 Bc6 15.
d5 Bxd5 16. e4 Bc6 17. Bf4 Qb6 18. Nfd4 Bxe4 19. Re1 Bd3 20. Nxe6 fxe6 21.
Rxe6+ Qxe6 22. Nc7+ Kf7 23. Nxe6 Kxe6 24. Bxb8 Nxb8 25. Qg4+ Kd5 26. Qg5+ Ke6
27. Qd8 Na6 28. Qc8+ Ke5 29. Qxa6 Bd6 30. Qb5+ Kf6 31. Qb6 Ke6 32. Qe3+ Kf7 33.
Bd7 Be7 34. Qe6+ Kf8 35. Bc6 g5 36. Qh6+ Kf7 37. Bd5+ Ke8 38. Qc6+ Kf8 39. Qh6+
Ke8 40. Qc6+ Kf8 41. Qe6 Bg6 42. Qe5 Rg8 43. Bxg8 c3 44. bxc3 bxc3 45. Qh8 1-0

[Event "Danmarksmesterskabet 2023"]
[Site "Svendborg"]
[Date "2023.04.07"]
[Round "7"]
[White "Thybo, Jesper Sondergaard"]
[Black "Chatalbashev, Boris"]
[Result "1-0"]
[WhiteElo "2527"]
[BlackElo "2475"]
[PlyCount "83"]
[EventDate "2023.04.01"]
[EventType "tourn"]
[EventRounds "9"]
[EventCountry "DEN"]
[SourceTitle "Live v. Kasper Jerwiarz"]

1. d4 Nf6 2. c4 g6 3. g3 c6 4. Bg2 d5 5. Qb3 dxc4 6. Qxc4 Be6 7. Qa4 Nbd7 8.
Nf3 Nb6 9. Qd1 Qc8 10. Ng5 Bg7 11. Nxe6 Qxe6 12. e3 Rd8 13. Qe2 h5 14. h3 Nfd7
15. Nc3 c5 16. O-O O-O 17. d5 Qd6 18. e4 c4 19. f4 Nc5 20. e5 Qd7 21. Be3 Nca4
22. Rad1 Nxc3 23. bxc3 Qb5 24. Qf3 Qa5 25. Bf2 Na4 26. Bd4 Nb6 27. Bf2 Na4 28.
Rb1 Nxc3 29. Rxb7 Nxd5 30. Rxa7 Qb4 31. e6 c3 32. exf7+ Rxf7 33. Qd3 e6 34. Ra6
Kh7 35. Re1 Nc7 36. Qxd8 Nxa6 37. Be4 Nc5 38. Bc2 Qb2 39. Qd1 Rd7 40. Qxh5+ Kg8
41. Qxc5 Bf8 42. Qc6 1-0

[Event "Danmarksmesterskabet 2023"]
[Site "Svendborg"]
[Date "2023.04.07"]
[Round "7"]
[White "Olsen, Filip Boe"]
[Black "Nielsen, Viktor Haarmark"]
[Result "1-0"]
[WhiteElo "2435"]
[BlackElo "2335"]
[PlyCount "75"]
[EventDate "2023.04.01"]
[EventType "tourn"]
[EventRounds "9"]
[EventCountry "DEN"]
[SourceTitle "Live v. Kasper Jerwiarz"]

1. d4 Nf6 2. c4 e6 3. Nf3 d5 4. g3 Bb4+ 5. Bd2 Bd6 6. Qc2 O-O 7. Bg2 Ne4 8. Nc3
Nxc3 9. Bxc3 Nd7 10. Nd2 Nf6 11. O-O c6 12. e4 Be7 13. b4 b6 14. a4 Bb7 15. a5
Ba6 16. e5 Nd7 17. f4 b5 18. c5 f5 19. exf6 Rxf6 20. Rae1 Nf8 21. Nf3 Qc7 22.
Bd2 Re8 23. Rf2 Bc8 24. Bf1 Bd8 25. Ne5 Qb7 26. Bd3 Bc7 27. Ng4 Rf7 28. f5 h5
29. Ne5 Bxe5 30. Rxe5 h4 31. Bg5 hxg3 32. hxg3 Qc7 33. Rh2 Nd7 34. fxe6 Nxe5
35. Rh8+ Kxh8 36. Qh2+ Kg8 37. Qh7+ Kf8 38. Qh8# 1-0

[Event "Danmarksmesterskabet 2023"]
[Site "Svendborg"]
[Date "2023.04.07"]
[Round "7"]
[White "Aagaard, Jacob"]
[Black "Schandorff, Lars"]
[Result "1/2-1/2"]
[WhiteElo "2449"]
[BlackElo "2478"]
[PlyCount "55"]
[EventDate "2023.04.01"]
[EventType "tourn"]
[EventRounds "9"]
[EventCountry "DEN"]
[SourceTitle "Live v. Kasper Jerwiarz"]

1. e4 e5 2. Nf3 Nc6 3. Bc4 Nf6 4. d3 Bc5 5. Nc3 d6 6. Na4 Bb6 7. O-O h6 8. Nxb6
axb6 9. d4 Bg4 10. dxe5 dxe5 11. Bd3 Nd4 12. Be2 Nxf3+ 13. Bxf3 Qxd1 14. Bxd1
Bxd1 15. Rxd1 Nxe4 16. Re1 O-O-O 17. f3 Nf6 18. Rxe5 Rd1+ 19. Kf2 Re8 20. Rxe8+
Nxe8 21. b3 f6 22. Ke2 Rg1 23. Kf2 Rd1 24. Ke2 Rg1 25. Kf2 Rd1 26. Ke2 Rg1 27.
Kf2 Rd1 28. Ke2 1/2-1/2

[Event "Danmarksmesterskabet 2023"]
[Site "Svendborg"]
[Date "2023.04.07"]
[Round "7"]
[White "Bjerre, Jonas Buhl"]
[Black "Haubro, Martin"]
[Result "1-0"]
[WhiteElo "2606"]
[BlackElo "2397"]
[PlyCount "71"]
[EventDate "2023.04.01"]
[EventType "tourn"]
[EventRounds "9"]
[EventCountry "DEN"]
[SourceTitle "Live v. Kasper Jerwiarz"]

1. d4 Nf6 2. c4 e6 3. Bf4 d5 4. cxd5 exd5 5. e3 h6 6. Nc3 Bd6 7. Bxd6 Qxd6 8.
Bd3 Nc6 9. h3 Ne7 10. Qc2 c6 11. Nf3 g6 12. O-O-O Bf5 13. Bxf5 Nxf5 14. g4 Ng7
15. Ne5 Qc7 16. Kb1 O-O-O 17. Rc1 Kb8 18. Nb5 Qe7 19. Qxc6 Qxe5 20. dxe5 bxc6
21. exf6 cxb5 22. fxg7 Rhg8 23. Rc5 a6 24. Rhc1 Rxg7 25. Rc6 d4 26. Rb6+ Ka7
27. Rcc6 dxe3 28. fxe3 Re8 29. Rxa6+ Kb7 30. Rab6+ Ka7 31. Rxb5 Rxe3 32. Rc7+
Ka6 33. Rcb7 Rxh3 34. R5b6+ Ka5 35. b4+ Ka4 36. Ra7# 1-0

[Event "Danmarksmesterskabet 2023"]
[Site "Svendborg"]
[Date "2023.04.08"]
[Round "8"]
[White "Borge, Nikolaj"]
[Black "Bjerre, Jonas Buhl"]
[Result "1-0"]
[WhiteElo "2387"]
[BlackElo "2606"]
[PlyCount "113"]
[EventDate "2023.04.01"]
[EventType "tourn"]
[EventRounds "9"]
[EventCountry "DEN"]
[SourceTitle "Live v. Kasper Jerwiarz"]

1. e4 c5 2. Nf3 d6 3. d4 cxd4 4. Nxd4 Nf6 5. Nc3 a6 6. Bc4 e6 7. Bb3 b5 8. Qe2
Be7 9. Be3 Bd7 10. a3 Nc6 11. f3 Qa5 12. O-O-O O-O 13. g4 Nxd4 14. Rxd4 Rfb8
15. g5 Ne8 16. h4 b4 17. axb4 Qa1+ 18. Nb1 a5 19. bxa5 Rxa5 20. Bd2 Ra7 21. Bc3
Nc7 22. Kd2 Nb5 23. Rb4 d5 24. exd5 Bxb4 25. Qe5 Bf8 26. Qxb8 Qa6 27. dxe6 Bxe6
28. Bxe6 fxe6 29. Re1 Nd6 30. b3 Ra8 31. Qc7 Nb5 32. Qe5 Rd8+ 33. Kc1 Nxc3 34.
Qxc3 Kh8 35. Qc4 Qa5 36. Qxe6 Qa1 37. b4 Rb8 38. c3 Ra8 39. Qf7 Qa4 40. h5 Bxb4
41. cxb4 Rc8+ 42. Kd2 Qxb4+ 43. Ke2 Qb5+ 44. Kf2 Rc2+ 45. Ke3 Rc8 46. Nd2 Qxg5+
47. Ke2 h6 48. Ne4 Qg2+ 49. Ke3 Ra8 50. Kf4 Qb2 51. Kg4 Ra5 52. Qe8+ Kh7 53.
Qg6+ Kh8 54. Qe8+ Kh7 55. Qg6+ Kh8 56. Kh3 Qe5 57. Nf6 1-0

[Event "Danmarksmesterskabet 2023"]
[Site "Svendborg"]
[Date "2023.04.08"]
[Round "8"]
[White "Chatalbashev, Boris"]
[Black "Rasmussen, Allan Stig"]
[Result "1-0"]
[WhiteElo "2475"]
[BlackElo "2525"]
[PlyCount "123"]
[EventDate "2023.04.01"]
[EventType "tourn"]
[EventRounds "9"]
[EventCountry "DEN"]
[SourceTitle "Live v. Kasper Jerwiarz"]

1. Nf3 f5 2. d4 Nf6 3. Bf4 g6 4. e3 Bg7 5. c4 d6 6. Nc3 O-O 7. h3 c5 8. Be2 Ne4
9. O-O Nc6 10. dxc5 Nxc5 11. Rc1 h6 12. Bh2 g5 13. Nd4 Bd7 14. Nxc6 bxc6 15. b4
Ne6 16. c5 dxc5 17. Qb3 Kh8 18. Rfd1 cxb4 19. Qxb4 a5 20. Qc4 Ra7 21. Na4 Nc7
22. Qc5 Rb7 23. Bc4 Nb5 24. Be5 Nd6 25. Bxd6 exd6 26. Qxd6 Rf6 27. Qd2 Bf8 28.
Qd4 Kh7 29. Nc5 Bxc5 30. Qxc5 Kg7 31. Ba6 Rb4 32. a3 Re4 33. Rb1 Rf7 34. Rb7
Qe8 35. Qxa5 f4 36. Qc3+ Kg8 37. Qb2 Qe6 38. Rdxd7 Rxd7 39. Rb8+ Kf7 40. Qh8
fxe3 41. Qh7+ Kf6 42. Qxh6+ Ke5 43. Qxg5+ Kd6 44. fxe3 Rxe3 45. Rf8 Re1+ 46.
Kf2 Re5 47. Qf4 Qd5 48. Be2 Qe4 49. Rf6+ Ke7 50. Rf7+ Kd8 51. Rf8+ Kc7 52. Qxe4
Rxe4 53. Bf3 Ra4 54. g4 c5 55. h4 c4 56. Rf4 Kb6 57. g5 Rxa3 58. Rxc4 Rf7 59.
Rc6+ Kb5 60. Rf6 Raa7 61. Rxf7 Rxf7 62. g6 1-0

[Event "Danmarksmesterskabet 2023"]
[Site "Svendborg"]
[Date "2023.04.08"]
[Round "8"]
[White "Nielsen, Viktor Haarmark"]
[Black "Thybo, Jesper Sondergaard"]
[Result "1/2-1/2"]
[WhiteElo "2335"]
[BlackElo "2527"]
[PlyCount "171"]
[EventDate "2023.04.01"]
[EventType "tourn"]
[EventRounds "9"]
[EventCountry "DEN"]
[SourceTitle "Live v. Kasper Jerwiarz"]

1. d4 Nf6 2. c4 e6 3. Nf3 d5 4. g3 dxc4 5. Bg2 c6 6. a4 Bb4+ 7. Bd2 a5 8. Na3
b5 9. O-O O-O 10. Qc2 Qb6 11. axb5 Bxa3 12. bxa3 cxb5 13. Rab1 Nc6 14. Qxc4 Rb8
15. Qc2 Ba6 16. Rfc1 Rbc8 17. Qb2 h6 18. Ne5 Nxe5 19. dxe5 Nd5 20. Be4 Rfd8 21.
Bd3 b4 22. Bxa6 Qxa6 23. axb4 Rxc1+ 24. Qxc1 Nxb4 25. Bxb4 axb4 26. Qe1 Qa2 27.
Rxb4 Qc2 28. Rb1 Rd2 29. Qc1 Qxc1+ 30. Rxc1 Rxe2 31. Rc5 g5 32. g4 Re4 33. h3
h5 34. gxh5 Kg7 35. Rc7 Rf4 36. Kg2 Kh6 37. Kg3 Rf5 38. h4 gxh4+ 39. Kxh4 Rxf2
40. Kg4 Rf5 41. Ra7 Rg5+ 42. Kf4 Rg7 43. Ra1 Rg2 44. Ra8 Rg1 45. Rh8+ Kg7 46.
Ra8 Rf1+ 47. Kg4 Rf5 48. Ra5 Kh6 49. Ra7 Rg5+ 50. Kf4 Rg7 51. Ra1 Kxh5 52. Rh1+
Kg6 53. Rh8 Rh7 54. Rg8+ Kh6 55. Ke4 Rg7 56. Rh8+ Kg5 57. Rh1 Kg6 58. Rh8 Rh7
59. Rg8+ Kh5 60. Kf4 Kh6 61. Ke4 Rg7 62. Rh8+ Kg5 63. Rh1 f5+ 64. exf6 Kxf6 65.
Rh6+ Ke7 66. Rh5 Kd6 67. Ra5 Rg4+ 68. Ke3 Rb4 69. Rh5 e5 70. Rh8 Rb3+ 71. Ke4
Rb4+ 72. Ke3 Ra4 73. Rd8+ Ke7 74. Rh8 Rg4 75. Ra8 Kf7 76. Rb8 Rh4 77. Ra8 Kf6
78. Rf8+ Ke7 79. Ra8 e4 80. Ra6 Kd7 81. Rb6 Kc7 82. Ra6 Kb7 83. Re6 Rh1 84.
Kxe4 Re1+ 85. Kd5 Rxe6 86. Kxe6 1/2-1/2

[Event "Danmarksmesterskabet 2023"]
[Site "Svendborg"]
[Date "2023.04.08"]
[Round "8"]
[White "Aagaard, Jacob"]
[Black "Olsen, Filip Boe"]
[Result "1/2-1/2"]
[WhiteElo "2449"]
[BlackElo "2435"]
[PlyCount "102"]
[EventDate "2023.04.01"]
[EventType "tourn"]
[EventRounds "9"]
[EventCountry "DEN"]
[SourceTitle "Live v. Kasper Jerwiarz"]

1. e4 c5 2. Nf3 d6 3. d4 cxd4 4. Nxd4 Nf6 5. Nc3 a6 6. Bd3 e5 7. Nde2 Be7 8.
O-O O-O 9. Ng3 Bg4 10. f3 Be6 11. Nd5 Bxd5 12. exd5 g6 13. c4 Nbd7 14. Kh1 Ne8
15. Bh6 Ng7 16. Qd2 f5 17. b4 b6 18. Bc2 Rc8 19. Bb3 Rf7 20. Rac1 f4 21. Bxg7
fxg3 22. Bh6 Rf5 23. Be3 Rh5 24. h3 Bg5 25. f4 Bf6 26. Bd1 Rh4 27. Ba4 exf4 28.
Bxf4 Ne5 29. Bc6 Rxf4 30. Qxf4 Bg5 31. Qxg3 Bxc1 32. Rxc1 Qf6 33. c5 bxc5 34.
bxc5 dxc5 35. Rxc5 Kg7 36. Qe3 Nxc6 37. dxc6 Rxc6 38. Re5 Rc1+ 39. Kh2 Qd6 40.
Qxc1 Qxe5+ 41. Kh1 a5 42. Qc4 Qe1+ 43. Kh2 Qe5+ 44. Kh1 Qe1+ 45. Kh2 Qe5+ 46.
Kg1 Qe1+ 47. Kh2 Qe5+ 48. Kg1 Qe1+ 49. Kh2 Qe5+ 50. Kg1 Qe1+ 51. Kh2 Qe5+
1/2-1/2

[Event "Danmarksmesterskabet 2023"]
[Site "Svendborg"]
[Date "2023.04.08"]
[Round "8"]
[White "Schandorff, Lars"]
[Black "Haubro, Martin"]
[Result "1/2-1/2"]
[WhiteElo "2478"]
[BlackElo "2397"]
[PlyCount "92"]
[EventDate "2023.04.01"]
[EventType "tourn"]
[EventRounds "9"]
[EventCountry "DEN"]
[SourceTitle "Live v. Kasper Jerwiarz"]

1. Nf3 d5 2. g3 g6 3. Bg2 Bg7 4. d4 Nf6 5. O-O O-O 6. c3 c6 7. Bf4 Nbd7 8. Qc1
Re8 9. Re1 Qb6 10. Nbd2 h6 11. Ne5 g5 12. Be3 Qc7 13. Ndf3 Ne4 14. Nd3 Nd6 15.
b3 b6 16. Qc2 Bb7 17. Rac1 c5 18. Nde5 Rac8 19. Qb1 Nxe5 20. Nxe5 f6 21. Nd3 c4
22. Nb2 Qd7 23. bxc4 Nxc4 24. Nxc4 Rxc4 25. Bd2 f5 26. e3 e6 27. h3 Rec8 28. f4
R4c7 29. Bf1 Kh8 30. Kh2 Qe7 31. Be2 Rg8 32. Rg1 Bf8 33. Rg2 Qf6 34. Kg1 Rcg7
35. Kf2 Bd6 36. Rcg1 Qf7 37. Qd1 Bc6 38. Be1 Qe8 39. Qd3 Qc8 40. Kf1 a6 41. Qb1
b5 42. Bd3 Qe8 43. Qd1 Qf7 44. Be2 Be8 45. Bd2 Qg6 46. Qe1 Qf6 1/2-1/2

[Event "Danmarksmesterskabet 2023"]
[Site "Svendborg"]
[Date "2023.04.09"]
[Round "9"]
[White "Haubro, Martin"]
[Black "Borge, Nikolaj"]
[Result "0-1"]
[WhiteElo "2397"]
[BlackElo "2387"]
[PlyCount "112"]
[EventDate "2023.04.01"]
[EventType "tourn"]
[EventRounds "9"]
[EventCountry "DEN"]
[SourceTitle "Live v. Kasper Jerwiarz"]

1. e4 e5 2. Nf3 Nc6 3. Bb5 a6 4. Ba4 Nf6 5. d3 d6 6. c3 g6 7. O-O Bg7 8. Re1
O-O 9. h3 Re8 10. Be3 b5 11. Bc2 a5 12. Nbd2 Bb7 13. a3 Qd7 14. d4 a4 15. Rc1
Na5 16. dxe5 dxe5 17. c4 Nxc4 18. Nxc4 bxc4 19. Qxd7 Nxd7 20. Bd1 Bxe4 21. Rxc4
Bd5 22. Rxc7 Nf8 23. Rc5 Red8 24. Rb5 e4 25. Nd2 Ne6 26. Rb4 f5 27. Nb1 Rdb8
28. Rxb8+ Rxb8 29. Bxa4 Rxb2 30. g3 Ba2 31. Nd2 Bf8 32. Rc1 Bxa3 33. Rc8+ Bf8
34. Bd7 Rb7 35. Bc6 Rc7 36. Rxc7 Nxc7 37. g4 Bd6 38. gxf5 gxf5 39. Ba7 Bd5 40.
Bd7 Be6 41. Bxe6+ Nxe6 42. f3 Bf4 43. Nf1 Kf7 44. fxe4 fxe4 45. Be3 Kf6 46.
Bxf4 Nxf4 47. Kf2 Nd5 48. Kg3 Kf5 49. Nh2 Ne3 50. Kf2 Kf4 51. Ke2 h6 52. Kf2 h5
53. Ke2 Nf5 54. Kf2 e3+ 55. Ke2 Nd4+ 56. Kf1 Ke5 0-1

[Event "Danmarksmesterskabet 2023"]
[Site "Svendborg"]
[Date "2023.04.09"]
[Round "9"]
[White "Bjerre, Jonas Buhl"]
[Black "Chatalbashev, Boris"]
[Result "0-1"]
[WhiteElo "2606"]
[BlackElo "2475"]
[PlyCount "106"]
[EventDate "2023.04.01"]
[EventType "tourn"]
[EventRounds "9"]
[EventCountry "DEN"]
[SourceTitle "Live v. Kasper Jerwiarz"]

1. e4 c5 2. Nf3 Nc6 3. d4 cxd4 4. Nxd4 g6 5. c4 Nf6 6. Nc3 d6 7. Be2 Nxd4 8.
Qxd4 Bg7 9. Be3 O-O 10. Qd3 Bd7 11. O-O Bc6 12. b4 Nd7 13. Rad1 b6 14. Bd4 a5
15. a3 Bxd4 16. Qxd4 axb4 17. axb4 Ra3 18. f4 Qc7 19. Bg4 Rfa8 20. Bxd7 Qxd7
21. f5 f6 22. h4 gxf5 23. Rxf5 Kh8 24. Rd3 Rg8 25. Rg5 Ra1+ 26. Nd1 Rga8 27.
Rgg3 Qe6 28. Qxb6 Bxe4 29. Rd2 Bc2 30. Re3 Qg4 31. Rxe7 Rxd1+ 32. Rxd1 Qxd1+
33. Kh2 Qd2 34. Qb7 Qf4+ 35. g3 Qd2+ 36. Qg2 Qxg2+ 37. Kxg2 Rb8 38. b5 Bd3 39.
Rc7 d5 40. cxd5 Be4+ 41. Kf2 Bxd5 42. Rc5 Bh1 43. Ke3 Kg7 44. g4 Kg6 45. Kf4
Rb7 46. h5+ Kg7 47. Ke3 Bg2 48. g5 Bh3 49. b6 Rxb6 50. Rc7+ Kg8 51. Kf4 fxg5+
52. Kxg5 h6+ 53. Kh4 Be6 0-1

[Event "Danmarksmesterskabet 2023"]
[Site "Svendborg"]
[Date "2023.04.09"]
[Round "9"]
[White "Rasmussen, Allan Stig"]
[Black "Nielsen, Viktor Haarmark"]
[Result "1-0"]
[WhiteElo "2525"]
[BlackElo "2335"]
[PlyCount "133"]
[EventDate "2023.04.01"]
[EventType "tourn"]
[EventRounds "9"]
[EventCountry "DEN"]
[SourceTitle "Live v. Kasper Jerwiarz"]

1. d4 Nf6 2. Nf3 d5 3. c4 e6 4. g3 dxc4 5. Bg2 c5 6. O-O Nc6 7. Na3 cxd4 8.
Nxc4 Bc5 9. a3 a5 10. Bf4 O-O 11. Rc1 Qe7 12. Qc2 Nd5 13. Bd2 a4 14. Rfd1 Bd7
15. Ng5 Nf6 16. Bxc6 Bxc6 17. Ne5 Bd6 18. Nxc6 bxc6 19. Qxc6 h6 20. Nf3 e5 21.
e3 Qe6 22. exd4 e4 23. Ne5 Rfc8 24. Qb5 Rcb8 25. Qc4 Nd5 26. Qc6 Rc8 27. Qd7
Bxe5 28. Qxe6 fxe6 29. dxe5 Kf7 30. Kf1 Kg6 31. g4 h5 32. gxh5+ Kxh5 33. Ke2
Rab8 34. Rg1 Rxc1 35. Bxc1 Rc8 36. Kd1 Rc7 37. h3 Rd7 38. Ke1 Rc7 39. Kd1 Rd7
40. Ke1 Rc7 41. Bd2 e3 42. fxe3 Rc2 43. Rxg7 Rxb2 44. e4 Nb6 45. Rc7 Kh4 46.
Bb4 Kxh3 47. Rc6 Nd7 48. Rxe6 Kg4 49. Re7 Nxe5 50. Rxe5 Kf3 51. Kd1 Re2 52. Ra5
Rxe4 53. Kd2 Rd4+ 54. Kc3 Ke4 55. Bc5 Rd1 56. Kc4 Rc1+ 57. Kb5 Kd5 58. Kb6 Rc4
59. Bb4+ Ke6 60. Rxa4 Kd7 61. Ra7+ Kc8 62. Bc5 Rg4 63. Kc6 Kb8 64. Ra5 Rc4 65.
Rb5+ Ka8 66. Kc7 Ra4 67. Rb8# 1-0

[Event "Danmarksmesterskabet 2023"]
[Site "Svendborg"]
[Date "2023.04.09"]
[Round "9"]
[White "Thybo, Jesper Sondergaard"]
[Black "Aagaard, Jacob"]
[Result "1-0"]
[WhiteElo "2527"]
[BlackElo "2449"]
[PlyCount "57"]
[EventDate "2023.04.01"]
[EventType "tourn"]
[EventRounds "9"]
[EventCountry "DEN"]
[SourceTitle "Live v. Kasper Jerwiarz"]

1. Nf3 Nf6 2. g3 g6 3. Bg2 Bg7 4. c4 O-O 5. Nc3 d5 6. cxd5 Nxd5 7. h4 e5 8. Qb3
Nxc3 9. dxc3 h6 10. Be3 Qe7 11. Nd2 Nd7 12. Ne4 Kh8 13. h5 g5 14. g4 f5 15.
gxf5 Rxf5 16. O-O-O Nb6 17. Bh3 Be6 18. Qb4 Qf7 19. Nc5 Bxa2 20. Bxf5 Qxf5 21.
Qe4 Qf7 22. Qxb7 Bd5 23. Rxd5 Qxd5 24. Rd1 Qa2 25. Rd7 Re8 26. Rxc7 Rd8 27.
Qxa7 Rd1+ 28. Kxd1 Qb1+ 29. Bc1 1-0